Riadenie výroby metódou kanban
Metóda riadenia výroby u súkromne hospodáriaceho roľníka, ktorá by vylepšila výrobný proces, redukovala zásoby, viedla k úspore času a podporovala plynulosť výroby pri náraste sortimentu.
Guardado en:
| Autor principal: | |
|---|---|
| Formato: | Capítulo de libro |
| Lenguaje: | eslovaco |
| Materias: | |
| Etiquetas: |
Sin Etiquetas, Sea el primero en etiquetar este registro!
|
MARC
| LEADER | 00000nla a2200000 4500 | ||
|---|---|---|---|
| 001 | 0166591 | ||
| 005 | 20221104125922.0 | ||
| 041 | 0 | |a slo | |
| 044 | |a CZ | ||
| 245 | 1 | 0 | |a Riadenie výroby metódou kanban |c Ladislav Kokoška |
| 520 | |a Metóda riadenia výroby u súkromne hospodáriaceho roľníka, ktorá by vylepšila výrobný proces, redukovala zásoby, viedla k úspore času a podporovala plynulosť výroby pri náraste sortimentu. | ||
| 610 | 2 | 0 | |a kanban |
| 610 | 2 | 0 | |a základňa výrobno-technická |
| 610 | 2 | 0 | |a riadenie výroby |
| 610 | 2 | 0 | |a modernizácia |
| 610 | 2 | 0 | |a technológia |
| 610 | 2 | 0 | |a podnik agropotravinársky |
| 100 | 1 | |a Kokoška, Ladislav | |